书目信息 |
| 题名: |
非晶体物质
|
|
| 作者: | КОБЕКО 著 ;钱人元 译 | |
| 分册: | ||
| 出版信息: | 北京 科学出版社 1958 |
|
| 页数: | 329页 | |
| 开本: | 20cm | |
| 丛书名: | ||
| 单 册: | ||
| 中图分类: | O75 | |
| 科图分类: | ||
| 主题词: | 非晶态 , 类晶态 | |
| 电子资源: | ||
| ISBN: | ||
| 000 | 00649nam0 2200229 450 | |
| 001 | 0635555750 | |
| 005 | 20060718095628.31 | |
| 010 | @dCNY2.00 | |
| 100 | @a20060718d1958 km y0chiy0120 ea | |
| 101 | 0 | @achi@crus |
| 102 | @aCN@b110000 | |
| 102 | @aCN@b110000 | |
| 200 | 1 | @a非晶体物质@Afei jing ti wu zhi@f(苏)П·П·КОБЕКО著@F(su)П·П·КОБЕКОzhu@g钱人元等译@Gqian ren yuan deng yi |
| 210 | @a北京@c科学出版社@d1958 | |
| 215 | @a329页@d20cm | |
| 606 | 0 | @a非晶态 |
| 606 | 0 | @a类晶态 |
| 690 | @aO75@v3 | |
| 701 | 0 | @aКОБЕКО@4著 |
| 702 | 0 | @a钱人元@Aqian ren yuan@4译 |
| 801 | 0 | @aCN@bPFT@c20060718 |
| 905 | @a10447@dO75@e5 | |
| 非晶体物质/(苏)П·П·КОБЕКО著/钱人元等译.-北京:科学出版社,1958 |
| 329页;20cm |
| ISBN :CNY2.00 |
| ● |
| 相关链接 |
|
|
|
|
正题名:非晶体物质
索取号:O75/5
 
预约/预借
| 序号 | 登录号 | 条形码 | 馆藏地/架位号 | 状态 | 备注 |
| 1 | 0431988 | 204319889 | 密集书库/ [索取号:O75/5] | 在馆 |